000
00299nam a22001337a 4500
008
181009b xxu||||| |||| 00| 0 eng d
020
_a
6123330471
041
_a
eng
080
_a
371
100
_a
25
101
_a
EDU
245
_a
Managing the Learning Process
_c
Margolis, F.H
942
_2
udc
_c
BK
999
_c
49190
_d
49190